[Event "DEN-ch Kort1 A"]
[Site "Skorping"]
[Date "2017.04.08"]
[Round "1"]
[White "Schoning, Lars"]
[Black "Nielsen, Aage Sondergaard"]
[Result "1/2-1/2"]
[WhiteElo "1862"]
[BlackElo "1917"]
[PlyCount "90"]
[EventDate "2017.04.08"]
[EventType "swiss"]
[EventRounds "5"]
[EventCountry "DEN"]
[SourceTitle "EXT 2023"]
[Source "ChessBase"]
[SourceDate "2022.10.05"]
[SourceVersion "1"]
[SourceVersionDate "2022.10.05"]
[SourceQuality "1"]

1. d4 Nf6 2. c4 g6 3. Nc3 Bg7 4. Bg5 c5 5. e3 Qa5 6. Qd2 0-0 7. Be2 d6 8. Nf3 Nc6 9. d5 Nb8 10. 0-0 Bg4 11. Rac1 a6 12. a4 Nbd7 13. h3 Bxf3 14. gxf3 h6 15. Bh4 Qb4 16. Qc2 Nb6 17. Bxf6 Bxf6 18. b3 Nd7 19. f4 Bxc3 20. Qxc3 Qxc3 21. Rxc3 f5 22. Kh2 Nf6 23. Bd3 Kf7 24. Rg1 Rg8 25. Rc2 Rg7 26. f3 Nh5 27. Rcg2 Rag8 28. Rb1 a5 29. Kg1 Re8 30. Kf2 Kf6 31. h4 e5 32. dxe6 Rxe6 33. Rbg1 Kf7 34. Bc2 Kf8 35. Bd3 b6 36. Bc2 Rge7 37. Rxg6 Rxe3 38. Rg8+ Kf7 39. Be4 R3xe4 40. fxe4 Rxe4 41. Rb8 Rxf4+ 42. Ke3 Re4+ 43. Kf3 Rf4+ 44. Ke3 Re4+ 45. Kd2 Rxh4 1/2-1/2

[Event "Varde Weekend-A"]
[Site "Varde"]
[Date "2015.04.26"]
[Round "4"]
[White "Erdodi, Gabor2222"]
[Black "Schoning, Lars"]
[Result "0-1"]
[WhiteElo "1877"]
[BlackElo "1927"]
[PlyCount "82"]
[EventDate "2015.04.24"]
[EventType "tourn"]
[EventRounds "5"]
[EventCountry "DEN"]
[SourceTitle "EXT 2023"]
[Source "ChessBase"]
[SourceDate "2022.10.05"]
[SourceVersion "1"]
[SourceVersionDate "2022.10.05"]
[SourceQuality "1"]

1. e4 c5 2. Nf3 d6 3. c3 Nf6 4. e5 dxe5 5. Nxe5 Nbd7 6. Bb5 e6 7. d4 a6 8. Bd3 cxd4 9. cxd4 Nxe5 10. dxe5 Qa5+ 11. Nc3 Qxe5+ 12. Be3 Bd7 13. 0-0 Bd6 14. g3 Nd5 15. Re1 Nxc3 16. bxc3 Qxc3 17. Rc1 Qa3 18. Be4 Bb4 19. Re2 Ba4 20. Qd4 0-0 21. Bxb7 Rad8 22. Qh4 Bd1 23. Rxd1 Rxd1+ 24. Kg2 Be7 25. Qc4 a5 26. Be4 Qd6 27. Rb2 Qe5 28. Rb5 Qa1 29. Rxa5 Rg1+ 30. Kf3 Qf6+ 31. Ke2 Rd8 32. f4 Qb2+ 33. Kf3 Rh1 34. h4 Qa1 35. Bd3 Rh2 36. f5 Qh1+ 37. Kf4 Bd6+ 38. Kg5 Bxg3 39. Be4 Bxh4+ 40. Kh5 Bf2+ 41. Kg4 Rh4+ 0-1

[Event "Varde Weekend-A"]
[Site "Varde"]
[Date "2015.04.26"]
[Round "5"]
[White "Schoning, Lars"]
[Black "Christensen, Anders"]
[Result "0-1"]
[WhiteElo "1927"]
[BlackElo "1868"]
[PlyCount "116"]
[EventDate "2015.04.24"]
[EventType "tourn"]
[EventRounds "5"]
[EventCountry "DEN"]
[SourceTitle "EXT 2023"]
[Source "ChessBase"]
[SourceDate "2022.10.05"]
[SourceVersion "1"]
[SourceVersionDate "2022.10.05"]
[SourceQuality "1"]

1. d4 Nf6 2. c4 e6 3. Nc3 Bb4 4. f3 d5 5. a3 Bxc3+ 6. bxc3 c5 7. cxd5 exd5 8. e3 0-0 9. Bd3 Nc6 10. Ne2 Re8 11. 0-0 Bd7 12. Ng3 h6 13. Ra2 Rb8 14. Raf2 b5 15. Qd2 cxd4 16. cxd4 Qa5 17. Qc2 Rbc8 18. Qb1 a6 19. Bf5 Qc7 20. Qd3 Qd6 21. Bb2 b4 22. Bxd7 Nxd7 23. e4 Qg6 24. Re1 a5 25. Rfe2 Nb6 26. Qb5 bxa3 27. Ba1 Nb4 28. Nf1 Re7 29. Qxa5 Nd3 30. Qxa3 Nxe1 31. Qxe7 Nxf3+ 32. Kf2 Ng5 33. Ng3 dxe4 34. h4 Nd5 35. Qd7 e3+ 36. Rxe3 Rc2+ 37. Re2 Ne4+ 38. Nxe4 Rxe2+ 39. Kxe2 Qxe4+ 40. Kf2 Qxh4+ 41. g3 Qh2+ 42. Kf3 Qh1+ 43. Kf2 Nf6 44. Qa4 Ng4+ 45. Ke2 Qg2+ 46. Kd1 Qe4 47. Kd2 Nf2 48. Kc3 Qd3+ 49. Kb4 Qe4 50. Kc5 Nd3+ 51. Kd6 h5 52. Qb5 h4 53. gxh4 Qe6+ 54. Kc7 Nf4 55. Qb8+ Kh7 56. Qb1+ g6 57. Qh1 Nd5+ 58. Kd8 Qe7+ 0-1

[Event "DEN-ch G7-A"]
[Site "Skorping"]
[Date "2014.04.19"]
[Round "5"]
[White "Kovshoj, Sune"]
[Black "Schoning, Lars"]
[Result "1-0"]
[WhiteElo "2035"]
[BlackElo "1928"]
[PlyCount "51"]
[EventDate "2014.04.15"]
[EventType "swiss"]
[EventRounds "7"]
[EventCountry "DEN"]
[SourceTitle "EXT 2018"]
[Source "ChessBase"]
[SourceDate "2017.10.13"]
[SourceVersion "1"]
[SourceVersionDate "2017.10.13"]
[SourceQuality "1"]

1. e4 c5 2. Nf3 d6 3. d4 cxd4 4. Nxd4 Nf6 5. Nc3 a6 6. h3 e6 7. g4 d5 8. exd5 Nxd5 9. Nde2 Be7 10. Nxd5 Qxd5 11. Qxd5 exd5 12. Bg2 f5 13. Bxd5 Nc6 14. g5 Nb4 15. Bb3 Bd7 16. Nd4 0-0-0 17. Bf4 Bc5 18. 0-0-0 Rhe8 19. c3 Bxd4 20. Rxd4 Nc6 21. Rd6 Ne5 22. Rhd1 Nf3 23. Bd5 Ne1 24. Be3 Kc7 25. Bh1 Kc8 26. Bb6 1-0

[Event "DEN-ch G7-A"]
[Site "Skorping"]
[Date "2014.04.17"]
[Round "3"]
[White "Pedersen, Niels"]
[Black "Schoning, Lars"]
[Result "0-1"]
[WhiteElo "1891"]
[BlackElo "1956"]
[PlyCount "162"]
[EventDate "2014.04.15"]
[EventType "swiss"]
[EventRounds "7"]
[EventCountry "DEN"]
[SourceTitle "EXT 2023"]
[Source "ChessBase"]
[SourceDate "2022.10.05"]
[SourceVersion "1"]
[SourceVersionDate "2022.10.05"]
[SourceQuality "1"]

1. e4 c5 2. Nf3 d6 3. d4 cxd4 4. Nxd4 Nf6 5. Nc3 a6 6. Be2 e6 7. Be3 Nbd7 8. Qd2 Be7 9. 0-0-0 b5 10. f3 Bb7 11. g4 Nb6 12. a3 Rc8 13. Kb1 Nfd7 14. Nb3 Ne5 15. Bxb6 Qxb6 16. Qd4 Qxd4 17. Rxd4 Nc6 18. Rdd1 0-0 19. h4 Ne5 20. Na5 Ba8 21. f4 Nd7 22. Nb3 Nb6 23. g5 Nc4 24. Rh3 Rc7 25. f5 Rfc8 26. fxe6 Nxa3+ 27. bxa3 Rxc3 28. exf7+ Kxf7 29. Rf1+ Ke8 30. Bd3 Bxe4 31. Bxe4 Rxh3 32. Bf5 Rcc3 33. Bxh3 Rxh3 34. Rf4 h6 35. Rg4 Kf7 36. Kb2 hxg5 37. hxg5 Kg6 38. Nd4 Re3 39. Nc6 Bxg5 40. Nb4 Kf5 41. Rg2 Bf6+ 42. Ka2 Re1 43. Nd3 Ra1+ 44. Kb3 Rb1+ 45. Ka2 Rf1 46. Kb3 a5 47. Rh2 Ke6 48. Re2+ Kd7 49. c3 Rf3 50. Kc2 Rf5 51. Kb3 Kc6 52. Re8 Rf3 53. Kc2 Rf1 54. Ra8 a4 55. Ra6+ Kd7 56. Ra5 Kc6 57. Nb4+ Kb6 58. Ra6+ Kc7 59. Nd5+ Kd7 60. Ra7+ Kc6 61. Nb4+ Kb6 62. Ra6+ Kb7 63. Rxd6 Rf2+ 64. Kd3 Rf3+ 65. Ke4 Rxc3 66. Rd5 Rc4+ 67. Kd3 Kb6 68. Rd6+ Kc7 69. Rd5 Rc3+ 70. Ke4 Rxa3 71. Rxb5 Rb3 72. Nd5+ Kc6 73. Ra5 a3 74. Ra6+ Kc5 75. Ra5+ Kc4 76. Ra4+ Kb5 77. Ra8 Rh3 78. Rb8+ Kc4 79. Rc8+ Kb3 80. Rb8+ Kc2 81. Ra8 Kd1 0-1

[Event "DEN-ch Kort 1"]
[Site "Skorping"]
[Date "2014.04.12"]
[Round "1"]
[White "Schoning, Lars"]
[Black "Dahl, Steve K"]
[Result "1/2-1/2"]
[WhiteElo "1956"]
[BlackElo "1807"]
[PlyCount "71"]
[EventDate "2014.04.12"]
[EventType "swiss"]
[EventRounds "5"]
[EventCountry "DEN"]
[SourceTitle "EXT 2023"]
[Source "ChessBase"]
[SourceDate "2022.10.05"]
[SourceVersion "1"]
[SourceVersionDate "2022.10.05"]
[SourceQuality "1"]

1. d4 Nf6 2. c4 g6 3. Nc3 Bg7 4. Bg5 h6 5. Bh4 g5 6. Bg3 Nh5 7. Be5 f6 8. e3 0-0 9. Bxc7 Qxc7 10. Qxh5 Nc6 11. a3 e6 12. Bd3 a6 13. h4 Ne7 14. Nf3 d5 15. hxg5 fxg5 16. Nxg5 Nf5 17. Nf3 dxc4 18. Be4 Qf7 19. Qg4 Qf6 20. Ne5 Nxd4 21. f4 Nc6 22. Nxc4 e5 23. Bd5+ Kh8 24. Qf3 exf4 25. Qxf4 Qxf4 26. exf4 Rxf4 27. Nd6 Bg4 28. Nf7+ Kh7 29. Ng5+ Kg6 30. Nf3 Re8+ 31. Kf2 Bxf3 32. gxf3 Bd4+ 33. Kg3 Be5 34. Kf2 Bd4+ 35. Kg3 Be5 36. Kf2 1/2-1/2

[Event "DEN-ch G7-1"]
[Site "Odense"]
[Date "2011.04.24"]
[Round "6"]
[White "Christensen, Esben"]
[Black "Schoning, Lars"]
[Result "1-0"]
[WhiteElo "2033"]
[BlackElo "1872"]
[PlyCount "47"]
[EventDate "2011.04.19"]
[EventType "swiss"]
[EventRounds "7"]
[EventCountry "DEN"]
[SourceTitle "EXT 2018"]
[Source "ChessBase"]
[SourceDate "2017.10.13"]
[SourceVersion "1"]
[SourceVersionDate "2017.10.13"]
[SourceQuality "1"]

1. e4 c5 2. Nf3 d6 3. d4 cxd4 4. Nxd4 Nf6 5. Nc3 a6 6. Be2 e6 7. Be3 Be7 8. 0-0 0-0 9. f4 Nc6 10. Bf3 Qc7 11. Qe1 Nd7 12. Rd1 Nxd4 13. Bxd4 Bf6 14. Qf2 Be7 15. Kh1 b5 16. e5 d5 17. Bxd5 exd5 18. Nxd5 Qd8 19. Bb6 Nxb6 20. Nxb6 Qc7 21. Nxa8 Qc6 22. Qf3 Qxc2 23. Nb6 Qg6 24. Nxc8 1-0

[Event "North Sea Cup 22nd"]
[Site "Esbjerg"]
[Date "2007.07.20"]
[Round "10"]
[White "Andersen, Mads"]
[Black "Schoning, Lars"]
[Result "1-0"]
[WhiteElo "2070"]
[BlackElo "1897"]
[PlyCount "61"]
[EventDate "2007.07.13"]
[EventType "swiss"]
[EventRounds "10"]
[EventCountry "DEN"]
[SourceTitle "CBM 119 Extra"]
[Source "ChessBase"]
[SourceDate "2007.09.04"]
[SourceVersion "1"]
[SourceVersionDate "2007.09.04"]
[SourceQuality "1"]

1. e4 c5 2. Nf3 d6 3. d4 cxd4 4. Nxd4 Nf6 5. Nc3 a6 6. Be2 e6 7. Be3 b5 8. Bf3 e5 9. Nb3 Be6 10. a4 b4 11. Nd5 Bxd5 12. exd5 a5 13. Be2 Be7 14. Bb5+ Nbd7 15. Bc6 Rc8 16. Nd2 0-0 17. Nc4 Qc7 18. b3 Rb8 19. f3 Rfc8 20. Qe2 Nf8 21. Qf2 Bd8 22. 0-0-0 Ng6 23. Ba7 Ne7 24. Bxb8 Rxb8 25. f4 Ne4 26. Qf3 Nc3 27. fxe5 Nxc6 28. dxc6 dxe5 29. Rd7 Bf6 30. Rxc7 e4 31. Qxf6 1-0

[Event "North Sea Cup 22nd"]
[Site "Esbjerg"]
[Date "2007.07.18"]
[Round "8"]
[White "Kuckel, Andreas"]
[Black "Schoning, Lars"]
[Result "1/2-1/2"]
[WhiteElo "2043"]
[BlackElo "1897"]
[PlyCount "43"]
[EventDate "2007.07.13"]
[EventType "swiss"]
[EventRounds "10"]
[EventCountry "DEN"]
[SourceTitle "CBM 119 Extra"]
[Source "ChessBase"]
[SourceDate "2007.09.04"]
[SourceVersion "1"]
[SourceVersionDate "2007.09.04"]
[SourceQuality "1"]

1. d4 Nf6 2. c4 c5 3. e3 e6 4. Nc3 Be7 5. Be2 0-0 6. Nf3 d5 7. cxd5 Nxd5 8. 0-0 Nc6 9. e4 Nxd4 10. Nxd4 cxd4 11. Nxd5 exd5 12. Qxd4 dxe4 13. Qxe4 Bf6 14. Rd1 Qa5 15. Bd2 Qf5 16. Bd3 Qxe4 17. Bxe4 Be6 18. Be3 Rad8 19. Bxa7 Bxb2 20. Bb6 Bxa2 21. Rxd8 Rxd8 22. Bxd8 1/2-1/2

[Event "North Sea Cup 22nd"]
[Site "Esbjerg"]
[Date "2007.07.14"]
[Round "3"]
[White "Schoning, Lars"]
[Black "Jensen, Leif Haugaard"]
[Result "1/2-1/2"]
[WhiteElo "1897"]
[BlackElo "2113"]
[PlyCount "119"]
[EventDate "2007.07.13"]
[EventType "swiss"]
[EventRounds "10"]
[EventCountry "DEN"]
[SourceTitle "CBM 119 Extra"]
[Source "ChessBase"]
[SourceDate "2007.09.04"]
[SourceVersion "1"]
[SourceVersionDate "2007.09.04"]
[SourceQuality "1"]

1. d4 d5 2. c4 c6 3. Nc3 Nf6 4. Bg5 e6 5. cxd5 exd5 6. e3 Be7 7. Bd3 h6 8. Bh4 Ne4 9. Bxe7 Nxc3 10. Qb3 Qxe7 11. Qxc3 0-0 12. Nf3 Re8 13. 0-0 Nd7 14. b4 a6 15. a4 Nf6 16. b5 axb5 17. axb5 Bd7 18. bxc6 Bxc6 19. Ne5 Qd6 20. h3 Rec8 21. Nxc6 bxc6 22. Bf5 Rcb8 23. Rxa8 Rxa8 24. Rc1 g6 25. Qxc6 Qxc6 26. Rxc6 Kg7 27. Bc2 Ra1+ 28. Kh2 Rc1 29. Ba4 Rxc6 30. Bxc6 Kf8 31. f3 Ke7 32. e4 dxe4 33. fxe4 Kd6 34. Ba8 Nd7 35. e5+ Ke6 36. Kg3 f6 37. exf6 Nxf6 38. Kf3 g5 39. Ke3 Kd6 40. Kd3 Ke6 41. Kc4 Kd6 42. Bf3 Ne8 43. d5 Ke5 44. Kc5 Nd6 45. Kc6 Nc4 46. Kd7 h5 47. Bxh5 Nb6+ 48. Ke7 Nxd5+ 49. Kf7 Ne3 50. Bf3 g4 51. Bxg4 Nxg4 52. Kg6 Kf4 53. h4 Ne5+ 54. Kf6 Ng4+ 55. Kg6 Ne5+ 56. Kg7 Kg4 57. g3 Kxg3 58. h5 Ng4 59. h6 Nxh6 60. Kxh6 1/2-1/2

[Event "North Sea Cup 21st"]
[Site "Esbjerg"]
[Date "2006.07.08"]
[Round "1"]
[White "Kveinys, Aloyzas"]
[Black "Schoning, Lars"]
[Result "1-0"]
[WhiteElo "2546"]
[BlackElo "1884"]
[PlyCount "69"]
[EventDate "2006.07.08"]
[EventType "swiss"]
[EventRounds "9"]
[EventCountry "DEN"]
[SourceTitle "CBM 113 Extra"]
[Source "ChessBase"]
[SourceDate "2006.09.14"]
[SourceVersion "1"]
[SourceVersionDate "2006.09.14"]
[SourceQuality "1"]

1. c4 e6 2. Nc3 Nf6 3. Nf3 b6 4. e4 Bb7 5. Bd3 d6 6. 0-0 Be7 7. Bc2 0-0 8. d4 Nfd7 9. Bf4 Re8 10. Re1 Nf8 11. Bg3 Nbd7 12. Ba4 a6 13. e5 b5 14. exd6 cxd6 15. cxb5 axb5 16. Bxb5 d5 17. Ne5 Bf6 18. Qe2 Re7 19. Nc6 Bxc6 20. Bxc6 Rc8 21. Bb7 Rc4 22. Bd6 Re8 23. Nxd5 Rxd4 24. Nxf6+ Nxf6 25. Be5 Rd2 26. Qf3 Qb6 27. Bc3 Rdd8 28. a4 Nd5 29. Bxd5 Rxd5 30. a5 Qa6 31. Qxd5 exd5 32. Rxe8 Qc6 33. Rae1 Qd6 34. a6 Qxa6 35. Rxf8+ 1-0

[Event "North Sea Cup 20th"]
[Site "Esbjerg"]
[Date "2005.07.05"]
[Round "5"]
[White "Hartvig, Ove Weiss"]
[Black "Schoning, Lars"]
[Result "1-0"]
[WhiteElo "2231"]
[BlackElo "1970"]
[PlyCount "51"]
[EventDate "2005.07.02"]
[EventType "swiss"]
[EventRounds "9"]
[EventCountry "DEN"]
[SourceTitle "CBM 107 Extra"]
[Source "ChessBase"]
[SourceDate "2005.09.01"]
[SourceVersion "1"]
[SourceVersionDate "2005.09.01"]
[SourceQuality "1"]

1. e4 c5 2. Nf3 d6 3. d4 cxd4 4. Nxd4 Nf6 5. Nc3 a6 6. f4 Qc7 7. a4 Nc6 8. Nf3 e6 9. Bd3 Be7 10. 0-0 0-0 11. Qe1 Nb4 12. Qg3 d5 13. e5 Nh5 14. Qh3 g6 15. g4 Nxd3 16. cxd3 Ng7 17. Be3 Bd7 18. Rac1 Bc6 19. f5 d4 20. f6 Bxf3 21. Qh6 Ne8 22. Nd5 Bxd5 23. Rxc7 Bd8 24. Bxd4 Bxc7 25. Bc5 Bb6 26. Qxf8# 1-0

[Event "DEN-ch B5 Gr1"]
[Site "Koge"]
[Date "2004.04.??"]
[Round "2"]
[White "Petersen, Per F"]
[Black "Schoning, Lars"]
[Result "1-0"]
[WhiteElo "1886"]
[BlackElo "1788"]
[PlyCount "47"]
[EventDate "2004.04.08"]
[EventType "swiss"]
[EventRounds "5"]
[EventCountry "DEN"]
[SourceTitle "EXT 2023"]
[Source "ChessBase"]
[SourceDate "2022.10.05"]
[SourceVersion "1"]
[SourceVersionDate "2022.10.05"]
[SourceQuality "1"]

1. c4 Nf6 2. Nc3 e6 3. e4 d6 4. d4 Be7 5. Nf3 c5 6. d5 e5 7. Be2 0-0 8. 0-0 Ne8 9. Ne1 f5 10. f4 Bf6 11. Bd3 exf4 12. Bxf4 Bd4+ 13. Kh1 fxe4 14. Nxe4 Bxb2 15. Rb1 Bd4 16. Nc2 Rxf4 17. Rxf4 Be5 18. Rf2 Qh4 19. g3 Qh6 20. Qd2 Qh5 21. Qg5 Qh3 22. Qe7 Nf6 23. Qd8+ Kf7 24. Ng5# 1-0